Breve antología. Material de lectura
Guardado en:
| Hovedforfatter: | |
|---|---|
| Format: | Bog |
| Sprog: | Undetermined |
| Udgivet: |
México, Distrito Federal
Universidad Nacional Autonoma de México
[s.f.]
|
| Fag: | |
| Tags: |
Tilføj Tag
Ingen Tags, Vær først til at tagge denne postø!
|
MARC
| LEADER | 00000nam a2200000Ia 4500 | ||
|---|---|---|---|
| 008 | 170316s9999 xx 000 0 und d | ||
| 040 | |a cru BVZT | ||
| 090 | |a 859 A-2b | ||
| 100 | |a Arghezi, Tudor | ||
| 245 | |a Breve antología. Material de lectura | ||
| 260 | |a México, Distrito Federal | ||
| 260 | |b Universidad Nacional Autonoma de México | ||
| 260 | |c [s.f.] | ||
| 300 | |a 32 páginas | ||
| 650 | |a LITERATURA RUMANA | ||
| 999 | |c 8233 |d 8233 | ||
| 942 | |c 15 D |h 859 A-2b |2 z | ||
